<?xml version="1.0" encoding="UTF-8"?>
<record
    xmlns:xsi="http://www.w3.org/2001/XMLSchema-instance"
    xsi:schemaLocation="http://www.loc.gov/MARC21/slim http://www.loc.gov/standards/marcxml/schema/MARC21slim.xsd"
    xmlns="http://www.loc.gov/MARC21/slim">

  <leader>02430nam a2200337 a 4500</leader>
  <controlfield tag="001">000000127</controlfield>
  <controlfield tag="003">DO-SdBPM</controlfield>
  <controlfield tag="005">20260206113936.0</controlfield>
  <controlfield tag="007">ta</controlfield>
  <controlfield tag="008">081126s2005    dr a        001 0 spa d</controlfield>
  <datafield tag="020" ind1=" " ind2=" ">
    <subfield code="a">9945406108</subfield>
  </datafield>
  <datafield tag="020" ind1=" " ind2=" ">
    <subfield code="a">9789945406108</subfield>
  </datafield>
  <datafield tag="040" ind1=" " ind2=" ">
    <subfield code="a">DO-SdBPM</subfield>
    <subfield code="b">spa</subfield>
    <subfield code="c">BPMSU</subfield>
    <subfield code="d">rda</subfield>
  </datafield>
  <datafield tag="082" ind1=" " ind2="4">
    <subfield code="a">305.57293</subfield>
    <subfield code="b">B742c, 2005</subfield>
    <subfield code="2">22</subfield>
  </datafield>
  <datafield tag="100" ind1="1" ind2=" ">
    <subfield code="a"> Bosch, Juan, </subfield>
    <subfield code="d">1909-2001</subfield>
    <subfield code="e">autor</subfield>
    <subfield code="4">aut.</subfield>
    <subfield code="9">1</subfield>
  </datafield>
  <datafield tag="245" ind1="1" ind2="0">
    <subfield code="a">Composici&#xF3;n social dominicana :</subfield>
    <subfield code="b">historia e interpretaci&#xF3;n /</subfield>
    <subfield code="c">Juan Bosch ; edici&#xF3;n Di&#xF3;medes N&#xFA;&#xF1;ez Polanco.</subfield>
  </datafield>
  <datafield tag="250" ind1=" " ind2=" ">
    <subfield code="a">22a ed.</subfield>
  </datafield>
  <datafield tag="264" ind1=" " ind2=" ">
    <subfield code="a">Santo Domingo :</subfield>
    <subfield code="b">Alfa &amp; Omega,</subfield>
    <subfield code="c">2005.</subfield>
  </datafield>
  <datafield tag="300" ind1=" " ind2=" ">
    <subfield code="a">418 p&#xE1;ginas  :</subfield>
    <subfield code="b">ilustraciones  ;</subfield>
    <subfield code="c">24 cm.</subfield>
  </datafield>
  <datafield tag="336" ind1=" " ind2=" ">
    <subfield code="a">texto</subfield>
    <subfield code="b">txt</subfield>
    <subfield code="2">rdacontent</subfield>
  </datafield>
  <datafield tag="337" ind1=" " ind2=" ">
    <subfield code="a">sin mediaci&#xF3;n</subfield>
    <subfield code="b">n</subfield>
    <subfield code="2">rdamedia</subfield>
  </datafield>
  <datafield tag="338" ind1=" " ind2=" ">
    <subfield code="a">volumen</subfield>
    <subfield code="b">nc</subfield>
    <subfield code="2">rdacarrier</subfield>
  </datafield>
  <datafield tag="505" ind1="0" ind2=" ">
    <subfield code="a">Un pre&#xE1;mbulo necesario -- Origen de las clases sociales en Santo Domingo -- Aparici&#xF3;n y declinaci&#xF3;n de una oligarqu&#xED;a del az&#xFA;car -- De los ingenios a los hatos -- El desarrollo de la sociedad hatera -- La curiosa sociedad de los bucaneros -- La colonia francesa de Saint-Domingue -- El siglo de la miseria -- De la inamovilidad del siglo XVII al dinamismo del siglo XVIII -- Medio siglo de relativo desarrollo -- Santo Domingo en el panorama del Caribe -- La revoluci&#xF3;n haitiana -- El caso de las emigraciones -- El gobierno de los hateros y la sociedad de los cosecheros de tabaco -- Las causas de la invasi&#xF3;n haitiana en 1822 -- La peque&#xF1;a burgues&#xED;a en la historia dominicana -- La peque&#xF1;a burgues&#xED;a contra el poder de los hateros -- 1857-1861. Luchas en el seno de la peque&#xF1;a burgues&#xED;a -- La restauraci&#xF3;n, obra de la peque&#xF1;a burgues&#xED;a -- El largo reinado de la peque&#xF1;a burgues&#xED;a en la vida pol&#xED;tica nacional -- La composici&#xF3;n social y los partidos pol&#xED;ticos de la &#xE9;poca -- El gobierno de los azules o el camino hacia la sociedad burguesa -- De la muerte de Heureaux a la muerte de C&#xE1;ceres -- El imperialismo en acci&#xF3;n -- La composici&#xF3;n social hasta 1930 -- Trujillo, o el paso de la peque&#xF1;a burgues&#xED;a a la burgues&#xED;a -- La composici&#xF3;n social a la muerte de Trujillo.</subfield>
  </datafield>
  <datafield tag="590" ind1=" " ind2=" ">
    <subfield code="a">Inventariado, 2026/VM</subfield>
  </datafield>
  <datafield tag="650" ind1=" " ind2="7">
    <subfield code="a">Clases sociales</subfield>
    <subfield code="z">Rep&#xFA;blica Dominicana</subfield>
    <subfield code="x">Historia</subfield>
  </datafield>
  <datafield tag="650" ind1=" " ind2="7">
    <subfield code="a">Sociolog&#xED;a</subfield>
    <subfield code="x">Historia</subfield>
  </datafield>
  <datafield tag="651" ind1=" " ind2="7">
    <subfield code="a">Rep&#xFA;blica Dominicana</subfield>
    <subfield code="x">Condiciones sociales</subfield>
  </datafield>
  <datafield tag="700" ind1="1" ind2=" ">
    <subfield code="a">Nu&#xF1;ez Polanco, Di&#xF3;medes</subfield>
    <subfield code="d">1952-</subfield>
    <subfield code="e">editor </subfield>
  </datafield>
  <datafield tag="910" ind1=" " ind2=" ">
    <subfield code="a">VMateo V. Control de calidad. BPMSU</subfield>
  </datafield>
  <datafield tag="942" ind1=" " ind2=" ">
    <subfield code="2">ddc</subfield>
    <subfield code="c">BK</subfield>
  </datafield>
  <datafield tag="952" ind1=" " ind2=" ">
    <subfield code="0">0</subfield>
    <subfield code="1">0</subfield>
    <subfield code="2">ddc</subfield>
    <subfield code="7">0</subfield>
    <subfield code="8">CD</subfield>
    <subfield code="a">BPMET</subfield>
    <subfield code="b">BPMET</subfield>
    <subfield code="d">2026-02-06</subfield>
    <subfield code="l">0</subfield>
    <subfield code="o">BPMSU CD 305.57293 B742c, 2005</subfield>
    <subfield code="p">BPMSU26020041</subfield>
    <subfield code="r">2026-02-06</subfield>
    <subfield code="w">2026-02-06</subfield>
    <subfield code="y">BK</subfield>
  </datafield>
  <datafield tag="999" ind1=" " ind2=" ">
    <subfield code="c">15667</subfield>
    <subfield code="d">15667</subfield>
  </datafield>
</record>
